Analýza dvojstupňového riadenia Štátnych lesov vo väzbe na riadenie stavebnej činnosti a úlohy centra v procese prestavby hospodárskeho mechanizmu záverečná práca postgraduálneho štúdia

Saved in:
Bibliographic Details
Main Author: Krajčírová, Michaela
Corporate Author: Vysoká škola ekonomická v Bratislave
Other Authors: Kaliský, J.
Format: Book
Language:Slovak
Published: Bratislava 1991
Tags: Add Tag
No Tags, Be the first to tag this record!

MARC

LEADER 00000nam a2200000 4500
001 c033288
005 20221214093120.4
041 0 |a slo 
044 |a SK 
245 1 0 |a Analýza dvojstupňového riadenia Štátnych lesov vo väzbe na riadenie stavebnej činnosti a úlohy centra v procese prestavby hospodárskeho mechanizmu  |b záverečná práca postgraduálneho štúdia  |c Michaela Krajčírová ; ved. práce J. Kaliský 
264 1 |a Bratislava  |c 1991 
300 |a 61 s. 
100 1 |a Krajčírová, Michaela 
700 1 |a Kaliský, J. 
710 2 |a Vysoká škola ekonomická v Bratislave